| 000 | 00651nam a2200253 i 4500 | ||
|---|---|---|---|
| 001 | 7107 | ||
| 003 | ES-MaBCM | ||
| 005 | 20241016091128.0 | ||
| 008 | 891002s1989 esp 000 0 spa d | ||
| 017 | _aB.18773-1989 | ||
| 020 | _a84-01-23007-1 | ||
| 021 | _axx | ||
| 035 | _a(OCoLC)435415168 | ||
| 040 | _cES-MaBCM | ||
| 041 | 0 | _aspa | |
| 043 | _aesp | ||
| 080 | _a860(82) Vilar, Esther 7 el encanto de la estupidez | ||
| 100 | 1 |
_aVilar, Esther _948458 |
|
| 245 | 1 | 3 |
_aEl encanto de la estupidez _cEsther Vilar |
| 260 |
_aBarcelona : _bPlaza & Janés, _c1989 |
||
| 300 |
_a216 p. _c21 cm |
||
| 440 | 0 |
_aHombre y sociedad _994782 |
|
| 942 | _cBK | ||
| 999 |
_c7107 _d7107 |
||